| 000 | 00499nam a2200181Ia 4500 | ||
|---|---|---|---|
| 008 | 100917s9999 xx 000 0 und d | ||
| 082 | _b36706 | ||
| 100 | _aआपटे ह. ना. | ||
| 245 | _aआजच (आ. 2 री) | ||
| 260 |
_bद. वा. आंबेकर _c1965 |
||
| 300 | _a212 | ||
| 365 | _b2.25 | ||
| 520 | _aकादंबरी | ||
| 630 | _aआजच (आ. 2 री) | ||
| 650 | _aकादंबरी | ||
| 730 | _aआजच (आ. 2 री) | ||
| 942 | _cBOOK | ||
| 999 |
_c642100 _d642097 |
||